Finale du Top 14 2024-25 : Toulouse - Bordeaux Bègles - Statistiques

Statistiques générales
  • Ce quiz a été pris 142 fois
  • Le résultat moyen est 31 sur 47
Statistiques - réponses
Equipe Joueur % Correct
Toulouse Thomas Ramos
97%
Bordeaux Bègles Maxime Lucu
94%
Toulouse Romain Ntamack
94%
Bordeaux Bègles Matthieu Jalibert
91%
Bordeaux Bègles Damian Penaud
90%
Bordeaux Bègles Louis Bielle-Biarrey
90%
Toulouse Julien Marchand
88%
Toulouse Paul Graou
88%
Toulouse Jack Willis
82%
Toulouse Anthony Jelonch
81%
Toulouse Cyril Baille
79%
Bordeaux Bègles Romain Buros
79%
Toulouse Thibaud Flament
79%
Bordeaux Bègles Yoram Moefana
79%
Toulouse Ugo Mola
78%
Toulouse Dorian Aldegheri
76%
Bordeaux Bègles Maxime Lamothe
76%
Toulouse François Cros
75%
Bordeaux Bègles Connor Sa
74%
Bordeaux Bègles Yannick Bru
74%
Toulouse Juan Cruz Mallía
73%
Bordeaux Bègles Nicolas Depoortère
73%
Toulouse Emmanuel Meafou
72%
Toulouse Matthis Lebel
72%
Toulouse Santiago Chocobares
72%
Bordeaux Bègles Jefferson Poirot
71%
Toulouse Pierre-Louis Barassi
71%
Toulouse Blair Kinghorn
67%
Bordeaux Bègles Ben Tameifuna
64%
Toulouse Rodrigue Neti
64%
Toulouse Guillaume Cramont
59%
Bordeaux Bègles Cyril Cazeaux
54%
Toulouse Pita Ahki
54%
Toulouse Joshua Brennan
52%
Bordeaux Bègles Pierre Bochaton
51%
Bordeaux Bègles Guido Petti
50%
Bordeaux Bègles Arthur Retière
49%
Bordeaux Bègles Marko Gazzotti
49%
Bordeaux Bègles Peter Samu
47%
Toulouse Joel Merkler
45%
Bordeaux Bègles Bastien Vergnes-Taillefer
43%
Toulouse Léo Banos
32%
Bordeaux Bègles Joey Carbery
31%
Bordeaux Bègles Sipili Falatea
30%
Bordeaux Bègles Rohan Janse van Rensburg
28%
Bordeaux Bègles Jonny Gray
27%
Bordeaux Bègles Matis Perchaud
27%
Aucun quiz correspondant
Distribution des résultats
% des personnes avec chaque résultat
Percentile par nombre de réponses
Votre historique - résultats
Vous n’avez pas pris ce quiz